00709 2200181 4500001002100000005001500021035002000036245005800056100001500114250001700129300002800146260003900174082001000213084001600223020002200239650002800261520023800289INLIS00000000000074920241019083455 a0010-10240000421 aEnsiklopedia Matematika 2 :bPengukuran /cTri Rahayu0 aTri Rahayu aCetakan ke-1 a56 hlm :bIlus ;c25 cm aBekasi :bUranus publishing,c2011 a510.3 a510.3 TRI e a978-602-8637-45-9 4aEnsiklopedia matematika aMatematika ternyata tak sesulit dan menakutkan, disini kalian akan mengenal matematika secara lengkap. Mulai dari seri sejarah matematika Kuno, tokoh-tokoh matematika, pengukuran, dan juga apapun tentang matematika yang menyenangkan.